000 00369nam a2200133Ia 4500
008 100328s9999 xx 000 0 und d
082 _b11236
100 _aपाटील गणेश हरि
245 _aलिंबोळ्या
260 _bठोकळ
630 _aलिंबोळ्या
730 _aलिंबोळ्या
942 _cBOOK
999 _c506569
_d506566